| 000 | 01884nam a2200229Ia 4500 | ||
|---|---|---|---|
| 003 | Ost | ||
| 005 | 20260507075617.0 | ||
| 008 | 260507s9999||||xx |||||||||||||| ||und|| | ||
| 020 | _a9789961010938 | ||
| 040 | _cfsecg | ||
| 041 | _aara | ||
| 082 | _a336.2 | ||
| 100 |
_aبوزيدة، حميد _eمؤلف |
||
| 245 | 0 |
_aالتقنيات الجبائية مع تمارين محلولة : _bIRG, IBS, TAP, IFU , TF , IRG/Salaires, Droits de timbre / _c حميد بوزيدة |
|
| 250 | _aطبعة 3 | ||
| 260 |
_aالجزائر: _bديوان المطبوعات الجامعية, _c2017 |
||
| 300 |
_a211 صفحة؛ _bإيضاحات ؛ _c22 سم |
||
| 504 | _aالمراجع ص.199 قائمة المصطلحات الجبائية المستعملة ص .195 أسئلة وتمارين محلولة ص. 179 | ||
| 520 | _aيتناول الضرائب على الدخل و الارباح و الاجور بشكل عام و الضريبة على الدخل الاجمالي مع دراسة مختلف أنواع المداخيل الصنفية الخاضعة لها كذلك الضريبة على ارباح الشركات باعتبارها تصيب الارباح الاشخاص المعنوية عكس الاولى التي تصيب الاشخاص الطبيعية بالاضافة الى ضريبة الدفع الجزائي التي تم الغائها حسب قانون المالية لسنة 2006 في ايطار تخفيض العبئ على المكلفين بالاضافة الى الضريبة الجزافية الوحيدة المحدثة بموجب قانون المالية لسنة 2007 بالاضافة الى الرسم على النشاط المهني و الرسم العقاري و الضريبة على العقار و على الاملاك و رسم التطهير و حقوق التسجيل و الطابع. | ||
| 653 | _aالضرائب | ||
| 942 | _cكتاب | ||
| 999 |
_c45117 _d45117 |
||